| 000 | 00436nam a2200169Ia 4500 | ||
|---|---|---|---|
| 008 | 230917s9999||||xx |||||||||||||| ||und|| | ||
| 020 | _cRS495 | ||
| 040 |
_e232911 _aMAIN |
||
| 041 | _aEnglish | ||
| 082 | _a301.412 R141W | ||
| 100 | _aRamanujam, C | ||
| 245 | 0 | _aWomen empowerment | |
| 260 |
_aNew Delhi _bAPH Publishing _c2015 |
||
| 300 | _axi, 131 p. | ||
| 500 | _a2317 29/03/2016 UBC15/7447 29/03/2016 Main Budget | ||
| 942 | _cBK | ||
| 999 |
_c18558 _d18558 |
||